000 00365 a2200169 4500
001 186899
020 _a85-329-0314-2
040 _cMagnum
100 _aCasasanta, Therezinha
240 1 0 _aAparecida, a esquecida
_lpor
245 1 0 _aAparecida, a esquecida
300 _a19
362 0 _a2000
440 1 _aLĂȘ
697 _aLITERATURA INFANTIL
942 _cBK
999 _c186899
_d186899